00361nam a2200145Ia 4500020001800000082002000018245003500038260003600073300001200109650001800121650001600139650001700155650001800172700002500190 a0-8243-2727-6 aRR 362.105 ANN- 0aAnnual review of public health aPalo AltobAnnual reviewsc2006 aix, 587 aPublic health aPeriodicals aEpidemiology aBiostatistics aFielding, Jonathan E